|
|
|
|
| LEADER |
01848nam a2200445 i 4500 |
| 001 |
EBC7104197 |
| 003 |
MiAaPQ |
| 005 |
20200520144314.0 |
| 006 |
m o d | |
| 007 |
cr cnu|||||||| |
| 008 |
150312t20152015enk ob 001 0 eng d |
| 020 |
|
|
|a 9781118896716
|q (electronic bk.)
|
| 020 |
|
|
|z 9781118488836
|
| 020 |
|
|
|z 9781118490150
|
| 035 |
|
|
|a (MiAaPQ)EBC7104197
|
| 035 |
|
|
|a (Au-PeEL)EBL7104197
|
| 035 |
|
|
|a (OCoLC)1347027941
|
| 040 |
|
|
|a MiAaPQ
|b eng
|e rda
|e pn
|c MiAaPQ
|d MiAaPQ
|
| 050 |
|
4 |
|a HD9665.5
|b .P437 2015
|
| 082 |
0 |
|
|a 338.4/76151
|2 23
|
| 245 |
0 |
4 |
|a The pharmaceutical studies reader /
|c edited by Sergio Sismondo and Jeremy A. Greene.
|
| 264 |
|
1 |
|a Chichester, England :
|b Wiley Blackwell,
|c 2015.
|
| 264 |
|
4 |
|c 2015
|
| 300 |
|
|
|a 1 online resource (296 pages).
|
| 336 |
|
|
|a text
|2 rdacontent
|
| 337 |
|
|
|a computer
|2 rdamedia
|
| 338 |
|
|
|a online resource
|2 rdacarrier
|
| 490 |
1 |
|
|a Blackwell Readers in Anthropology ;
|v 11
|
| 504 |
|
|
|a Includes bibliographical references at the end of each chapters and index.
|
| 588 |
|
|
|a Description based on print version record.
|
| 590 |
|
|
|a Electronic reproduction. Ann Arbor, MI : ProQuest, 2018. Available via World Wide Web. Access may be limited to ProQuest affiliated libraries.
|
| 650 |
|
0 |
|a Pharmaceutical industry.
|
| 650 |
|
0 |
|a Pharmacy
|x Research.
|
| 655 |
|
4 |
|a Electronic books.
|
| 700 |
1 |
|
|a Greene, Jeremy A.,
|d 1974-
|e editor.
|
| 700 |
1 |
|
|a Sismondo, Sergio,
|e editor.
|
| 776 |
0 |
8 |
|i Print version:
|t Pharmaceutical studies reader.
|d Chichester, England : Wiley Blackwell, c2015
|h vi, 285 pages
|k Blackwell readers in anthropology ; 11.
|z 9781118490150
|w 2014048334
|
| 797 |
2 |
|
|a ProQuest (Firm)
|
| 830 |
|
0 |
|a Blackwell readers in anthropology ;
|v 11.
|
| 856 |
4 |
0 |
|u https://ebookcentral.proquest.com/lib/matrademy/detail.action?docID=7104197
|z Click to View
|